000 01665nam a2200337 c 4500
003 BLK
005 20230802005209.0
008 180409b bul|||||r ||||||| ||bul||
010 _aKNG00119870000
040 _aBLK
041 _aBUL
_cBUL
080 _aБългарска литература
_b821.163.2
_x-32
_z821.163.2-32
100 1 _aВазов, Иван Минчов
_eпърви автор
_9363396
700 _aЦанева, Милена Георгиева
_9363501
139 _aВазов, Иван Минчов
_bВ 15
245 1 0 _aНемили-недраги
_bПовест
_cИван Минчов Вазов; предг. от Милена Георгиева Цанева.
250 _a21. изд.
257 _aBGR
260 София
_bБълг. писател
_c1988
300 _a143 с.
_c20 см
380 _aX
490 1 _aБиблиотека за ученика
500 _a1. изд. 1961 г. ; В кн. означено 8. изд. - Съдържа и Животописни бележки ; За повестта Немили-недраги ; Лит.-ист. справка : "Немили-недраги" и "Хъшове" ; Из бълг. критика за "Немили-недраги" ; За въздействието на "Немили-недраги" и "Хъшове" ; Спомени ; Библиогр. справка.
653 _aповести
852 _aЦб 154510
856 4 _qpdf
_u
856 4 _qpdf
_u
942 _cKNG
_n0
_026
944 _aCR
_c15.10.2010
_lCRON CRON
_k
944 _aED
_c21.06.2016
_lф / 14.10.2010
_kПенка_Димитрова
999 _c114439
_d114439